000 00542nam a22001817a 4500
005 20251108172223.0
008 250721s9999 xx 000 0 ara d
082 1 4 _a956.4/مرك
245 1 0 _aالعرب في حيفا ذاكرة لا تموت /
264 _bمركز جنين للدراسات الإستراتيجية،
300 _a43ص
650 1 7 _aالتاريخ
650 1 7 _aفلسطين
650 1 7 _aالإحتلال الإسرائيلي لفلسطين 1948
650 1 7 _aالمدن
942 _2ddc
_cBK
999 _c73476
_d73476